El principio del interš del menor

Detalles Bibliográficos
Autor principal: Gutiřrez I Albentosa, Joan Manel
Formato: eBook
Lenguaje:español
Publicado: Barcelona: J.M. Bosch Editor, 2019
Materias:
Acceso en línea:Acceso restringido

MARC

LEADER 00000nam a22000007a 4500
005 2019091100440.0
007 cr|||| ||||
008 190911s2019 es |||||s|||| 00||0 spa d
020 |a 978-84-120243-2-6 
035 |a 24833 
040 |a vLex 
090 |c 9482  |d 9482 
100 1 |a Gutiřrez I Albentosa, Joan Manel 
245 1 2 |a El principio del interš del menor  |h [Recurso electrn̤ico] /  |c Joan Manel Gutiřrez I Albentosa 
256 |a Servicio en ln̕ea 
260 |a Barcelona:  |b J.M. Bosch Editor,  |c 2019 
300 |a 1 recurso electrn̤ico 
500 |a A props̤ito de la estancia de menores, junto con sus madres reclusas, en centros penitenciarios. Esta obra se centra en el anl̀isis y comentario de la normativa penitenciaria estatal (Ley orgǹica general penitenciaria y su reglamento) que regula las Unidades de madres de los centros penitenciarios, Unidades donde conviven las citadas madres reclusas junto con sus hijos o hijas de edad inferior a los 3 aǫs; dicho anl̀isis lo hemos realizado bajo el prisma del principio del interš superior del menor. La finalidad del estudio presente es que suponga un avance en el conocimiento del citado principio del interš superior del menor, en el contexto penitenciario, a partir de la presencia de menores en dicho contexto, esto es, en las mencionadas Unidades de madres que se ubican en el interior de dichos centros. Creemos haber conseguido dicho avance en un contexto –el penitenciario- que, aunque ha sido estudiado profusamente, esta obra aporta elementos innovadores en relacin̤ con obras anteriores, que son las propuestas de mejora del marco legislativo que enunciamos al final del estudio presente, propuestas que esperamos lleguen al legislador y, en todo caso, a los operadores jurd̕icos, sociales y educativos para recibir -para debatir- de štos otras –ms̀ y mejores- propuestas de mejora del marco legislativo regulador de la presencia de menores en las Unidades de madres de los centros penitenciarios. 
506 1 |a Disponible solo en los productos indicados  |d vLex Global  |d vLex Global (Academic Edition, excluding Law Schools)  |d vLex Global (U.S. Academic Edition, Law Schools)  |d vLex Global (U.S. Academic Edition, excluding Law Schools)  |d vLex Global (Academic Edition, Law Schools) 
650 0 4 |a Derecho Civil  |z Espaą 
650 0 4 |a Derecho Penal  |z Espaą 
650 0 4 |a Procedimiento Penal  |z Espaą 
740 0 |a vLex Libros (Servicio en ln̕ea) 
856 4 0 |u http://vlex.com/source/principio-del-interes-del-menor-24833  |z Acceso restringido 
942 |c BOOK 
999 0 |a Civil Law 
999 0 |a Criminal Law 
999 0 |a Criminal Procedure